Energy resources, utilization and technologies (Record no. 29800)

MARC details
000 -LEADER
fixed length control field 00479nam a2200169Ia 4500
008 - FIXED-LENGTH DATA ELEMENTS--GENERAL INFORMATION
fixed length control field 230917s9999||||xx |||||||||||||| ||und||
020 ## - ISBN
Price RS750
040 ## - CATALOGING SOURCE
-- 252942
Original cataloging agency VIVEKANANDA LIBRARY
041 ## - Language
-- English
082 ## - DDC NUMBER
Classification number 333.79 Y46E
100 ## - MAIN ENTRY--PERSONAL NAME
Personal name Yerramilli, Anjaneyulu
245 #0 - TITLE STATEMENT
Title Energy resources, utilization and technologies
260 ## - PUBLICATION, DISTRIBUTION, ETC. (IMPRINT)
Place of publication, distribution, etc Hyderabad
Name of publisher, distributor, etc BS PPublications
Date of publication, distribution, etc 2017
300 ## - PHYSICAL DESCRIPTION
Pages xxiii, 549 p.
500 ## - GENERAL NOTE
General note 3393 02/01/2019 RBP19/73487 14/01/2019 Main Budget
942 ## - ADDED ENTRY ELEMENTS (KOHA)
Koha item type Books
Holdings
Withdrawn status Lost status Damaged status Not for loan Location (home branch) Sublocation or collection (holding branch) Shelving location Date acquired Koha issues (times borrowed) Koha full call number Accession No. Koha date last seen Koha item type
        VIVEKANANDA LIBRARY VIVEKANANDA LIBRARY UIET Library 06/02/2019   333.79 Y46E 387273 17/09/2023 Books
        VIVEKANANDA LIBRARY VIVEKANANDA LIBRARY UIET Library 06/02/2019   333.79 Y46E 387274 17/09/2023 Books
        VIVEKANANDA LIBRARY VIVEKANANDA LIBRARY UIET Library 06/02/2019   333.79 Y46E 387275 17/09/2023 Books
        VIVEKANANDA LIBRARY VIVEKANANDA LIBRARY UIET Library 06/02/2019   333.79 Y46E 387276 17/09/2023 Books
© Designed and Maintained by Vivekananda Library, MDU Rohtak